书目信息 |
| 题名: |
大学生创业
|
|
| 作者: | 汪歙萍 , 熊丙奇 主编 | |
| 分册: | ||
| 出版信息: | 上海 上海交通大学出版社 2001.06 |
|
| 页数: | 254页 | |
| 开本: | 20cm | |
| 丛书名: | ||
| 单 册: | ||
| 中图分类: | G647.38 | |
| 科图分类: | ||
| 主题词: | 大学生--职业选择--基本知识 | |
| 电子资源: | ||
| ISBN: | 7-313-02683-8 | |
| 000 | 00852nam0 2200241 450 | |
| 001 | 0120031111 | |
| 005 | 20051110152020.88 | |
| 010 | @a7-313-02683-8@dCNY15.00 | |
| 100 | @a20051013d2001 km y0chiy0120 ea | |
| 101 | 0 | @achi |
| 102 | @aCN@b310000 | |
| 105 | @aa a 000yy | |
| 200 | 1 | @a大学生创业@ADa Xue Sheng Chuang Ye@f汪歙萍, 熊丙奇主编@Fwang xi ping,xiong bing qi zhu bian |
| 210 | @a上海@c上海交通大学出版社@d2001.06 | |
| 215 | @a254页@c图@d20cm | |
| 320 | @a有书目 (第252-253页)。 | |
| 330 | @a本书围绕创业,向大学生介绍创业所需要具备的知识、能力和素质,引导大学生树立创业的意识、创业的理念,并在此基础上,进行创业的实践。 | |
| 606 | 1 | @a大学生@x职业选择@x基本知识 |
| 690 | @aG647.38@v4 | |
| 701 | 0 | @a汪歙萍@Awang xi ping@4主编 |
| 701 | 0 | @a熊丙奇@Axiong bing qi@4主编 |
| 801 | 0 | @aCN@bQSSK@c20051110 |
| 905 | @a10447@dG647.38@eW074 | |
| 大学生创业/汪歙萍, 熊丙奇主编.-上海:上海交通大学出版社,2001.06 |
| 254页:图;20cm |
| ISBN 7-313-02683-8:CNY15.00 |
| 本书围绕创业,向大学生介绍创业所需要具备的知识、能力和素质,引导大学生树立创业的意识、创业的理念,并在此基础上,进行创业的实践。 |
| ● |
| 相关链接 |
|
|
|
正题名:大学生创业
索取号:G647.38/W074
 
预约/预借
| 序号 | 登录号 | 条形码 | 馆藏地/架位号 | 状态 | 备注 |
| 1 | 574243 | 205742437 | 社科库409/409社科库 14排1列1层/ [索取号:G647.38/W074] | 在馆 | |
| 2 | 574244 | 205742446 | 社科库409/409社科库 14排1列1层/ [索取号:G647.38/W074] | 在馆 | |
| 3 | 574245 | 205742455 | 社科库409/409社科库 14排1列1层/ [索取号:G647.38/W074] | 在馆 |